000 00731nam a2200253Ia 4500
003 OSt
005 20220926022753.0
006 a|||||r|||| 00| 0
007 ta
008 220923b |||||||| |||| 00| 0 eng d
037 _cGeneral Book
040 _aRTL
_cRTL
_beng
041 _2eng
_aeng
082 _aV52.N6, K9
100 _aKish George
_9317961
245 0 _aItaly
260 _aNew York
_bVan Nostrand Reinhold USA
_c1969
300 _a125p
_ccm.
490 _aVan Nostrand Searchlight Book. Ed by G Etzel and George W Hoffman; 41
500 _aBibliography:P120; Index:P.121-25
650 _aEurope History
_914786
942 _hV52.N6, K9
_cGB
_2CC
999 _c640255
_d640255